000 00971nam a22002177a 4500
005 20240406111843.0
008 220618b ||||| |||| 00| 0 eng d
040 _cAloy
041 _aTulu
082 _223
_aT928
_bKARA
100 _aKarnataka Tulu Sahitya Akademi: ಕರ್ನಾಟಕ ತುಳು ಸಾಹಿತ್ಯ ಅಕಾಡೆಮಿ
_9159224
245 _aBalakrishna Shetty Polali
_bಬಾಲಕೃಷ್ಣ ಶೆಟ್ಟಿ ಪೊಳಲಿ
260 _aMangaluru
_bKarnataka Tulu Sahitya Akademi
_c2002
300 _a36p.
_bPB
_c21x14cm.
365 _2Biography
440 _aMadappiyeravandi tuluver: ಮದೆಪ್ಪಿಯೆರಾವಂದಿ ತುಳುವೆರ್;19
_943989
650 _aBiography
_943977
700 _aKARNATAKA TULU SAHITYA AKADEMI: ಕರ್ನಾಟಕ ತುಳು ಸಾಹಿತ್ಯ ಅಕಾಡೆಮಿ
_943978
700 _aShetty (N P): ಶೆಟ್ಟಿ (ಎನ್ ಪಿ)
_943987
942 _2ddc
_cGF
999 _c223433
_d223433